Guide de médecine en Afrique et Océan Indien (Record no. 17529)
[ view plain ]
| 000 -LEADER | |
|---|---|
| fixed length control field | 00557 a2200277 4500 |
| 035 ## - SYSTEM CONTROL NUMBER | |
| System control number | 6814 |
| 035 ## - SYSTEM CONTROL NUMBER | |
| System control number | 7415 |
| 035 ## - SYSTEM CONTROL NUMBER | |
| System control number | 6644 |
| 035 ## - SYSTEM CONTROL NUMBER | |
| System control number | 7413 |
| 035 ## - SYSTEM CONTROL NUMBER | |
| System control number | 7412 |
| 035 ## - SYSTEM CONTROL NUMBER | |
| System control number | 7417 |
| 035 ## - SYSTEM CONTROL NUMBER | |
| System control number | 7416 |
| 035 ## - SYSTEM CONTROL NUMBER | |
| System control number | 7419 |
| 035 ## - SYSTEM CONTROL NUMBER | |
| System control number | 7414 |
| 035 ## - SYSTEM CONTROL NUMBER | |
| System control number | 7483 |
| 035 ## - SYSTEM CONTROL NUMBER | |
| System control number | 7246 |
| 035 ## - SYSTEM CONTROL NUMBER | |
| System control number | 7418 |
| 100 ## - VEDETTE PRINCIPALE - NOM DE PERSONNE | |
| Personal name | Mazer, A. |
| 245 ## - TITLE STATEMENT | |
| Title | Guide de médecine en Afrique et Océan Indien |
| 260 ## - PUBLICATION, DISTRIBUTION, ETC. (IMPRINT) | |
| Date of publication, distribution, etc | 1988 |
| 300 ## - PHYSICAL DESCRIPTION | |
| Extent | 639 p. |
| 700 ## - ADDED ENTRY--PERSONAL NAME | |
| Personal name | Sankolé, M. |
| Withdrawn status | Lost status | Damaged status | Not for loan | Location (home branch) | Sublocation or collection (holding branch) | Date acquired | Koha issues (times borrowed) | Koha full call number | Koha date last seen | Price effective from | Koha item type |
|---|---|---|---|---|---|---|---|---|---|---|---|
| Bibliothèque Faculté des Sciences de la Santé | Bibliothèque Faculté des Sciences de la Santé | 27/02/2009 | WB 50-H GUI | 27/02/2009 | 27/02/2009 | Livre |